000 00581nam a2200193 4500
005 20250502105228.0
010 _aENG-144559
020 _a9789387202061
_c650.00
035 _aEN-128091
037 _bDBAD
082 _a954.25
100 _aTrivedi,Sumit
_980991
245 _aContemporary Issues in Indian Society/
_cSumit Trivedi
250 _a1st
260 _a Delhi
_bPranjal Book Services
_c2018
270 _a1/11126,1st Floor Street No-10 Subhash Park ,Shahdara
_bDelhi
_e110032
300 _a168p.
_c22cm(hbk)
942 _2ddc
_cEN
_mTri
_h954.25
_e1st
999 _c210920
_d210920